| 000 | 02476cam a2200565 i 4500 | ||
|---|---|---|---|
| 001 | xx004768821 | ||
| 003 | NUKAT | ||
| 005 | 20260331135553.0 | ||
| 008 | 191211s2019 pl |001 0 pol c | ||
| 020 |
_a9788395210402 _q(oprawa twarda) |
||
| 035 | _a(OCoLC)1135396446 | ||
| 035 | _a(NUKAT)xx004768821 | ||
| 040 |
_aWR U/MB _bpol _erda _cWR U/MBs _dWR U/hb _dOLSZT 008/bak |
||
| 045 | 0 | _bd1989 | |
| 046 |
_k2019 _o1989 |
||
| 110 | 2 |
_aArchiwum Państwowe (Olsztyn). _eAutor _eWydawca _913054 |
|
| 245 | 1 | 0 |
_aRok ostatni : _bwydarzenia 1989 roku w teleksach Komitetu Wojewódzkiego PZPR w Olsztynie : wybór dokumentów z zasobu Archiwum Państwowego w Olsztynie / _cdo druku podali Mariusz Korejwo i Karol Maciejko ; wstępem opatrzył Mariusz Korejwo ; współpraca Ewelina Gołębiowska i Dominika Rucińska. |
| 246 | 3 | 0 |
_aWydarzenia 1989 roku w teleksach Komitetu Wojewódzkiego PZPR w Olsztynie : _bwybór dokumentów z zasobu Archiwum Państwowego w Olsztynie |
| 260 |
_aOlsztyn : _bArchiwum Państwowe, _c2019. |
||
| 300 |
_a427, [1] strona ; _c25 cm. |
||
| 336 |
_aTekst _btxt _2rdacontent |
||
| 337 |
_aBez urządzenia pośredniczącego _bn _2rdamedia |
||
| 338 |
_aWolumin _bnc _2rdacarrier |
||
| 380 | _aKsiążki | ||
| 380 | _aPublikacje naukowe | ||
| 388 | 1 | _a1901-2000 | |
| 388 | 1 | _a1945-1989 | |
| 388 | 1 | _a2001- | |
| 490 | 1 |
_aPrace Historyczno-Archiwalne Archiwum Państwowego w Olsztynie ; _v4 |
|
| 500 | _aKolejne oznaczenie odpowiedzialności na stronie [428]. | ||
| 504 | _aIndeksy. | ||
| 610 | 2 | 7 |
_aKomitet Wojewódzki PZPR (Olsztyn) _2DBN _939314 |
| 610 | 2 | 7 |
_aPolska Zjednoczona Partia Robotnicza. _bKomitet Wojewódzki (Olsztyn) _xhistoria _vźródła. _2kaba _939315 |
| 648 | 7 |
_a1901-2000 _2DBN _934996 |
|
| 648 | 7 |
_a1945-1989 _2DBN _936043 |
|
| 650 | 7 |
_aJesień Ludów _2DBN _939316 |
|
| 651 | 7 |
_aPolska _2DBN _935076 |
|
| 651 | 7 |
_aPolska _xpolityka i rządy _y1989- _vźródła. _2kaba _939317 |
|
| 655 | 7 |
_aAntologia _2DBN _934961 |
|
| 655 | 7 |
_aDokumenty _2DBN _937215 |
|
| 655 | 7 |
_aWydawnictwo źródłowe _2DBN _935066 |
|
| 658 | _aHistoria | ||
| 700 | 1 |
_aGołębiowska, Ewelina. _eRedakcja _939318 |
|
| 700 | 1 |
_aKorejwo, Mariusz Tomasz _d(1973- ). _eRedakcja _eWstęp _913107 |
|
| 700 | 1 |
_aMaciejko, Karol. _eRedakcja _939319 |
|
| 700 | 1 |
_aRucińska, Dominika. _eRedakcja _939320 |
|
| 830 | 0 |
_aPrace Historyczno-Archiwalne Archiwum Państwowego w Olsztynie _v4 _923542 |
|
| 920 | _a978-83-952104-0-2 (oprawa twarda) | ||
| 942 |
_2ddc _cBK_NM |
||
| 999 |
_c27384 _d27384 |
||